| 000 | 00788nam a2200217 a 4500 | ||
|---|---|---|---|
| 001 | 000020501 | ||
| 005 | 20200930011123.0 | ||
| 008 | 100322s2016 ck 000 0 spa d | ||
| 020 | _a9789588939636 | ||
| 020 | _a9789588939643 | ||
| 040 |
_aDO-SdBNP _bspa _cBNPHU |
||
| 082 |
_axxxx _bP667 |
||
| 100 | 1 |
_aPirela Morillo, Johann _943207 |
|
| 245 | 1 | 0 |
_aPerfiles del profesional de la información : _ben la sociedad del conocimiento / _cJohann Pirela Morillo. |
| 260 |
_aBogotá, Colombia : _bUniversidad de la Salle, _c2016. |
||
| 300 |
_a198 p. : ; _c22 cm. |
||
| 504 | _aBibliografía p: 163-176 | ||
| 500 | _aIncluye datos biografícos de la autora en la solapa de la cubierta | ||
| 650 | 4 |
_aProfesionales de información _943208 |
|
| 650 | 4 |
_aBibliotecología como profesión _943209 |
|
| 999 |
_c20005 _d20005 |
||